Buteurs FC Barcelone en ligue des champions depuis 2020 - Statistiques

Statistiques générales
  • Ce quiz a été pris 168 fois
  • Le résultat moyen est 4 sur 19
Statistiques - réponses
Hint Réponse % Correct
1 but Pedri
80%
8 buts Robert Lewandowski
52%
2 buts Antoine Griezmann
51%
5 buts Lionel Messi
42%
4 buts Ousmane Dembele
34%
2 buts Ansu Fati
29%
6 buts Ferran Torres
29%
3 buts Joao Felix
23%
2 buts Joao Cancelo
17%
2 buts Fermin Lopez
16%
2 buts Gerard Piqué
15%
1 but Pablo Gavi
6%
1 but Philippe Coutinho
5%
3 buts Martin Braithwaite
4%
1 but Sergino Dest
4%
1 but Marcos Alonso
3%
1 but Marc Guiu
2%
1 but Frank Kessie
1%
1 but Pablo Torre
1%
Aucun quiz correspondant
Distribution des résultats
% des personnes avec chaque résultat
Percentile par nombre de réponses
Votre historique - résultats
Vous n’avez pas pris ce quiz